00821nam a2200145Ia 4500008004100000020001800041100002000059245015500079260002200234650026000256650002200516856004500538999001900583952007300602171212s9999 xx 000 0 und d a9781925021028 aSteven Ratuva,  cSteven Ratuva, aPolitics of preferential developmentbTrans-global study of affirmative action and ethnic conflict in Fiji, Malaysia and South Africa bANU E Pressc2013 aMinorities -- Political aspects -- Fiji; Minorities -- Political aspects -- Malaysia; Minorities -- Political aspects -- South Africa; Fiji -- Ethnic relations -- Political aspects; Fiji -- Race relations -- Political aspects; Malaysia -- Ethnic relations aPolitical Science uwww.jstor.org/stable/10.2307/j.ctt46n2xc c351262d351262 001040aCLbCLd2017-12-12l0r2017-12-12 00:00:00w2017-12-12yCBE